Normal view
MARC view
Entry Personal Name
001 - CONTROL NUMBER
- control field: 120480
003 - CONTROL NUMBER IDENTIFIER
- control field: OSt
005 - DATE AND TIME OF LATEST TRANSACTION
- control field: 20230606163150.0
008 - FIXED-LENGTH DATA ELEMENTS
- fixed length control field: 230606|| aca||aabn | a|a d
040 ## - CATALOGING SOURCE
- Original cataloging agency: OSt
- Transcribing agency: OSt
100 ## - HEADING--PERSONAL NAME
- Personal name: MCKEE (Alan)
670 ## - SOURCE DATA FOUND
- Source citation: Work cat.: (OSt): Alan Mckee 120477, Textual Analysis : a beginners guide, 2005